01422nam a22002897a 4500003000400000005001700004008004100021020002000062040002200082082001800104100003800122245004400160260004200204300001900246490002500265505014300290505011200433505024700545505001500792650005500807650004500862650004400907650004600951650004600997650004501043650004401088OSt20230719123207.0221006b |||||||| |||| 00| 0 eng d a9 771645 866009 cBiblioteca Lado V a709.05bB428w aBeleza Moreira, Alexandraeeditor aW Art/bACCIDENT | ACIDENTE | ACCIDENT/ c2004bMimesisaBarrio do CerdoaPorto c21x28cma194p. a003v2004x1645 8664 aEDITORIALgTal vez la proxima vez El Acabose Accidents Happen? Os Pixels nunca secam Media Art Artist Crash-Time Paul Virilio Totó aEntrevistagTirara a arte para fora do tempo da arte. Entrevista a William Kentridge Exposiciones Libros aWWW.W-ARTMAGAZINE.COMgPoder de los museos o museos para el poder? Espacios de exhibición creativa en España y Portugal El fin del fin de la pintura Se equivocó el gorrión Steve McQueen: Más allá del documental Annika Larsson aPROYECTO W 2Tesauro de Arte & ArquitecturaaARTE CONTEMPORANEO 2Tesauro de Arte & ArquitecturaaANALISIS 2Tesauro de Arte & ArquitecturaaCRITICA 2Tesauro de Arte & ArquitecturaaACCIDENTE 2Tesauro de Arte & ArquitecturaaESPAÑOL 2Tesauro de Arte & ArquitecturaaPORTUGAL 2Tesauro de Arte & ArquitecturaaINGLES